Engineering circuit analysis / (Record no. 62818)

000 -LEADER
fixed length control field 01205cam a2200337 a 4500
001 - CONTROL NUMBER
control field 16739325
003 - CONTROL NUMBER IDENTIFIER
control field NUST - PNEC
005 - DATE AND TIME OF LATEST TRANSACTION
control field 20170116180758.0
008 - FIXED-LENGTH DATA ELEMENTS--GENERAL INFORMATION
fixed length control field 110418s2012 nyua b 001 0 eng
010 ## - LIBRARY OF CONGRESS CONTROL NUMBER
LC control number 2011009912
015 ## - NATIONAL BIBLIOGRAPHY NUMBER
National bibliography number GBB174671
Source bnb
016 7# - NATIONAL BIBLIOGRAPHIC AGENCY CONTROL NUMBER
Record control number 015829915
Source Uk
020 ## - INTERNATIONAL STANDARD BOOK NUMBER
International Standard Book Number 9780073529578
020 ## - INTERNATIONAL STANDARD BOOK NUMBER
International Standard Book Number 0073529575
035 ## - SYSTEM CONTROL NUMBER
System control number (OCoLC)ocn713567280
040 ## - CATALOGING SOURCE
Transcribing agency LIBRAR
042 ## - AUTHENTICATION CODE
Authentication code pcc
050 00 - LIBRARY OF CONGRESS CALL NUMBER
Classification number TK454
Item number .H4 2012
082 00 - DEWEY DECIMAL CLASSIFICATION NUMBER
Classification number 621.3192 HAY
Edition number 22
100 1# - MAIN ENTRY--PERSONAL NAME
Personal name Hayt, William Hart,
Dates associated with a name 1920-
245 10 - TITLE STATEMENT
Title Engineering circuit analysis /
Statement of responsibility, etc. William H. Hayt, Jr., Jack E. Kemmerly, Steven M. Durbin.
250 ## - EDITION STATEMENT
Edition statement 8th ed.
260 ## - PUBLICATION, DISTRIBUTION, ETC.
Place of publication, distribution, etc. New York :
Name of publisher, distributor, etc. McGraw-Hill,
Date of publication, distribution, etc. c2012.
300 ## - PHYSICAL DESCRIPTION
Extent xxi, 852 p. :
Other physical details ill. (some col.) ;
Dimensions 26 cm.
504 ## - BIBLIOGRAPHY, ETC. NOTE
Bibliography, etc. note Includes bibliographical references and index.
650 #0 - SUBJECT ADDED ENTRY--TOPICAL TERM
Topical term or geographic name entry element Electric circuit analysis.
General subdivision EE, EL
856 41 - ELECTRONIC LOCATION AND ACCESS
Uniform Resource Identifier <a href="http://www.amazon.com/Engineering-Circuit-Analysis-William-Hayt/dp/0073529575/ref=sr_1_1?s=books&ie=UTF8&qid=1428482493&sr=1-1&keywords=9780073529578">http://www.amazon.com/Engineering-Circuit-Analysis-William-Hayt/dp/0073529575/ref=sr_1_1?s=books&ie=UTF8&qid=1428482493&sr=1-1&keywords=9780073529578</a>
906 ## - LOCAL DATA ELEMENT F, LDF (RLIN)
a 7
b cbc
c orignew
d 1
e ecip
f 20
g y-gencatlg
942 ## - ADDED ENTRY ELEMENTS (KOHA)
Source of classification or shelving scheme
Koha item type Book
Holdings
Withdrawn status Lost status Source of classification or shelving scheme Damaged status Not for loan Permanent Location Current Location Shelving location Date acquired Source of acquisition Cost, normal purchase price Total Checkouts Full call number Barcode Date last seen Date last checked out Cost, replacement price Price effective from Koha item type
          Pakistan Navy Engineering College (PNEC) Pakistan Navy Engineering College (PNEC) Reference 03/24/2015 ZS Dictionary Shop / Library Grant 10148.00 1 621.3192 HAY PNECLIB-032099 04/05/2016 04/05/2016 10148.00 03/24/2015 Book
© 2023 Central Library, National University of Sciences and Technology. All Rights Reserved.